| 000 | 01252cam a22003735i 4500 | ||
|---|---|---|---|
| 001 | 18364277 | ||
| 005 | 20141127132757.0 | ||
| 008 | 141107s2014 enka 001 0 eng d | ||
| 010 | _a 2014469407 | ||
| 015 |
_aGBB342658 _2bnb |
||
| 016 | 7 |
_a016327861 _2Uk |
|
| 020 | _a0133440575 (pbk.) | ||
| 020 | _a9780133440577 (pbk.) | ||
| 035 | _a(OCoLC)ocn841671910 | ||
| 040 |
_aUKMGB _beng _cUKMGB _erda _dOCLCO _dBTCTA _dYDXCP _dSINLB _dOCLCO _dIXA _dCDX _dBDX _dOCLCF _dCDN _dDLC |
||
| 042 | _alccopycat | ||
| 050 | 0 | 0 |
_aQA 76.73.C154 _b.D455 2014 |
| 082 | 0 | 4 | _a005.133 |
| 100 | 1 |
_aDeitel, Paul J. _eauthor. |
|
| 245 | 1 | 0 |
_aC# 2012 for programmers / _cPaul Deitel. |
| 250 |
_a5th ed. _bPaul Deitel, Harvey Deitel. |
||
| 260 |
_aUpper Saddle River, NJ : _bPrentice Hall, _cc2014. |
||
| 300 |
_axxxiii, 1147 pages : _billustrations ; _c24 cm. |
||
| 490 | 1 | _aDeitel developer series | |
| 500 | _aPrevious edition: 2011. | ||
| 500 | _aIncludes index. | ||
| 521 | _aInformation Technology | ||
| 650 | 0 | _aC# (Computer program language) | |
| 700 | 1 |
_aDeitel, Harvey M., _d1945- _eauthor. |
|
| 830 | 0 | _aDeitel developer series. | |
| 906 |
_a0 _bibc _ccopycat _d2 _encip _f20 _gy-gencatlg |
||
| 942 |
_2lcc _cBK _kFOR |
||
| 999 |
_c276753 _d276753 |
||